00477nam a2200157Ia 4500008004100000040001400041082001100055100001700066245004900083260003600132365002600168366000800194505001900202630004900221730004900270100315s9999 xx 000 0 und d cENGLISH  b1002  a"Rao, S.B. " aManagement (Thery Prinnciples and Practices) aBombay bVora & co.  c1977  eRupees d1 b0.00  f0  gJaya Nikhade  aManagement (Thery Prinnciples and Practices) aManagement (Thery Prinnciples and Practices)